La Dimensión de la pobreza. Estudio de la pobreza rural en Costa Rica

Guardat en:
Dades bibliogràfiques
Autor corporatiu: Costa Rica. Presidencia de la República. Oficina de Planificación Nacional y Política Económica
Format: Text
Publicat: San José: La Oficina
Etiquetes: Afegir etiqueta
Sense etiquetes, Sigues el primer a etiquetar aquest registre!

MARC

LEADER 00000 a a2200000 04500
001 15061
003
040
090 |a 027900  
110 |a Costa Rica. Presidencia de la República. Oficina de Planificación Nacional y Política Económica  
245 |a La Dimensión de la pobreza. Estudio de la pobreza rural en Costa Rica  
260 |a San José:   |b La Oficina  
300 |a 16; 126 p  
999 |c 5625  |d 5625